LEADER 00869cam0-2200313---450- 001 990004987340403321 005 20141007113659.0 035 $a000498734 035 $aFED01000498734 035 $a(Aleph)000498734FED01 035 $a000498734 100 $a19990604d1969----km-y0itay50------ba 101 0 $acat 102 $aES 105 $a--------001yy 200 1 $aJosep Carner i el noucentisme$evida, obra i llegenda$fAlbert Manent 210 $aBarcelona$cEdicons 62$d1969 215 $a281 p.$d18 cm 225 1 $aLlibres a l'abast$v76 610 0 $aCarner, Josep 676 $a849.9152 700 1$aManent,$bAlbert$0156469 801 0$aIT$bUNINA$gRICA$2UNIMARC 901 $aBK 912 $a990004987340403321 952 $a849.9152 CARN/S 4$bIst.f.m.26834$fFLFBC 959 $aFLFBC 996 $aJosep Carner i el noucentisme$9469940 997 $aUNINA